| 000 | 00511nam a2200157Ia 4500 | ||
|---|---|---|---|
| 008 | 160316s1997 xxu||||| |||| 00| 0 eng d | ||
| 082 |
_a341.242000 _bEDW |
||
| 100 | _aEdwards Geoffrey | ||
| 245 | _aThe politics of European Treaty reform : The 1996 intergovernmental conference and beyond | ||
| 250 | _a | ||
| 260 |
_aLondon _bPinter Press _c1997 |
||
| 300 |
_a353p _b _cvii |
||
| 365 | _bRs.2,022 | ||
| 650 | _a1. European Union - Congresses 2. European Federation - Congresses | ||
| 700 |
_aPijpers Alfred _a |
||
| 999 |
_c22790 _d22790 |
||